| 000 | 00617nam a22002417a 4500 | ||
|---|---|---|---|
| 003 | UA-OsUOA | ||
| 001 | 31219 | ||
| 007 | ta | ||
| 008 | 20041207b un ||||| |||| 00| 0 ukr d | ||
| 100 | _aЗвонак А. | ||
| 090 |
_a82-1.161.3 _bЗ-44 |
||
| 942 | _cBK | ||
| 040 |
_aUA-OsUOA _bbel _cUA-OsUOA _dUA-OsUOA |
||
| 245 |
_aТебе адной _bВыбраныя вершы 1925-1956 |
||
| 300 | _a227 с. | ||
| 955 | _a0 | ||
| 041 | _abel | ||
| 080 | _a82-1.161.3 | ||
| 260 |
_aМінск _bРэдакцыя мастацкой літаратуры _c1957 |
||
| 044 | _aBY | ||
| 650 | 7 | _2UDC | |
| 999 |
_c317641 _d317641 |
||